Rozhovor s D. Toscanom

Bibliographic Details
Main Author: Dvorská, Andrea, 1979- (Author, Interviewer)
Format: Article
Language:Slovak
Subjects:

MARC

LEADER 00000nab a2200000 a 4500
001 vtls008939474
003 SK-MaSNL
005 20260304144405.0
008 250505c2006 xo mr|p|||||||000 b|slo
015 |a SNBRB2007/01  |2 snkbucl 
035 |a (uuid)743bb8af-bd58-4b2d-a24f-d08cf0d81c1e 
035 |a urn:nbn:sk:snk-abc1ap 
035 |a (urnnbn)urn:nbn:sk:snk:ar-004fn4 
038 |a SNKBUCL 
040 |a SNKBUCL  |b slo  |c SNKBUCL  |e AACR2 
041 0 |a slo 
044 |a xo  |c SK 
080 |a 82:929:821.134.2 (72)  |2 1997 
080 |a 821.134.2 (72):929  |2 1997 
100 1 |a Dvorská, Andrea,  |d 1979-  |4 ivr  |4 aut  |9 652944 
245 1 0 |a Rozhovor s D. Toscanom  |c zhovárala sa Andrea Dvorská 
600 1 7 |a Toscana, David  |d 1961-  |2 snkbucl  |9 693974 
655 7 |a rozhovory  |2 snkbucl  |9 31831 
700 1 |a Toscana, David  |d 1961-  |4 ive  |9 693974 
773 0 |t Revue svetovej literatúry  |g Roč. XLII, č. 4 (2006), s. 69-71 
850 |a Slovenská národná knižnica 
852 |a Slovenská národná knižnica 
958 |a article15 
958 |a OND 
958 |a LX 
958 |a MX 
958 |a EUIPO 
999 |c 2930997  |d 2932927